A Vitafoam Magyarország Kft. raktározási nehézségei

Bibliographic Details
Main Author: Lacza-Doma Ágnes
Other Authors: Hrabovszki Zsuzsa
Format: Thesis
Kulcsszavak:Raktározás
Termeléstervezés
Gyártás
Online Access:http://dolgozattar.uni-bge.hu/12542

MARC

LEADER 00000nta a2200000 i 4500
001 dolg12542
005 20170906140252.0
008 170606suuuu hu om 000 hun d
040 |a BGE Dolgozattár Repozitórium  |b hun 
041 |a hu 
100 1 |a Lacza-Doma Ágnes 
245 1 2 |a A Vitafoam Magyarország Kft. raktározási nehézségei  |c Lacza-Doma Ágnes  |h [elektronikus dokumentum] 
695 |a Raktározás 
695 |a Termeléstervezés 
695 |a Gyártás  
700 1 |a Hrabovszki Zsuzsa  |e ths 
856 4 0 |u http://dolgozattar.uni-bge.hu/12542/1/A%20Vitafoam%20Magyarorsz%C3%A1g%20Kft.%20rakt%C3%A1roz%C3%A1si%20neh%C3%A9zs%C3%A9gei.pdf  |z Dokumentum-elérés 
856 4 0 |u http://dolgozattar.uni-bge.hu/12542/7/HivatalosBejegyzes.pdf  |z Dokumentum-elérés